000 00840cab a2200277 4500
001 ABS48990
008 090401t1993 xxu||||| |||| 00| 0 eng d
035 _a(Sirsi) u69369
041 _aeng
245 _aReacting to rental default
260 _c1993
350 _a0
490 _aCS Monthly : General Practice
_v2(10) July/August 1993, 5-6(2)
520 _aVarious options are available to a landlord faced with a tenant`s failure to pay rent. Here they are described along with an assessment of their various merits.
650 _aBAILIFFS
650 _aBUSINESS TENANCIES
650 _aDISTRESS
650 _aFORFEITURE
650 _aGUARANTEES
650 _aINTEREST FOR LATE PAYMENT
650 _aMENTOR
650 _aRENT ARREARS
690 _aPROPERTY-LANDLORD AND TENANT
942 _n0
948 _c04/03/1997
999 _c43570
_d43570